000 00501nam a2200181Ia 4500
005 20250508162527.0
008 008 250505s9999 xx 000 0 hin d
037 _aTextual
040 _aFEDL
_beng
_cFEDL
041 _ahin
_2eng
084 _a891.431 09, PAN
_qFEDL
100 _aPanna
245 0 _aDinkar ke kavya mein yug chatana
260 _aJaipur, India
_bUsha Publishing House
_c1985
300 _a312p
942 _cTEXL
_h891.431 09, PAN
999 _c1377102
_d1377102